000 00482nam a2200181Ia 4500
005 20250326143848.0
008 250326s9999 xx 000 0 und d
037 _aTextbook
040 _aFMSL
_beng
_cFMSL
041 _aeng
_2eng
084 _aB28 M4
_qFMSL
100 _aPuri V K
245 0 _aFundamentals of statistical methods
_cPuri V K
260 _aNew Delhi
_bNew Delhi, Allied
_c1984
300 _a916p
942 _cTB
_hB28 M4
999 _c1301373
_d1301373